000 00411 a2200145 4500
005 20250618103051.0
020 _a0-417-89383-8
082 _aLM 536.5 BEN
100 _aBENEDICT, R. P.
245 _aFundamentals of Temperature, Pressure and Flow Measurements.
250 _a3rd Ed
260 _aNew York,
_bJohn Wiley & Sons,
_c1984.
300 _axx, 532p.: ill.; figure, table
_bIndex
_c23cm
942 _2ddc
_cBKS
999 _c4281
_d4281